<?xml version="1.0" encoding="UTF-8"?><collection xmlns="info:lc/xmlns/marcxchange-v2"><record format="Unimarc" type="bibliographic"><leader>00640nam  2200205   450 </leader><controlfield tag="001">2620524</controlfield><controlfield tag="003">http://id.bnportugal.gov.pt/bib/porbase/2620524</controlfield><datafield ind1=" " ind2=" " tag="010"><subfield code="a">0-471-24578-X</subfield></datafield><datafield ind1=" " ind2=" " tag="035"><subfield code="a">isec005_bc.iso/29-08-2014/8880</subfield></datafield><datafield ind1=" " ind2=" " tag="100"><subfield code="a">20020522d2002    k  y0porb0103    ba</subfield></datafield><datafield ind1="0" ind2=" " tag="101"><subfield code="a">eng</subfield></datafield><datafield ind1=" " ind2=" " tag="102"><subfield code="a">US</subfield></datafield><datafield ind1="1" ind2=" " tag="200"><subfield code="a">Client/server programming with Java and CORBA</subfield><subfield code="f">Robert Orfali, Dan Harkey</subfield></datafield><datafield ind1=" " ind2=" " tag="205"><subfield code="a">2nd ed</subfield></datafield><datafield ind1=" " ind2=" " tag="210"><subfield code="a">New York [etc.]</subfield><subfield code="c">John Wiley &amp; Sons</subfield><subfield code="d">cop. 1998</subfield></datafield><datafield ind1=" " ind2=" " tag="215"><subfield code="a">1022 p.</subfield><subfield code="e">1 CD-ROM</subfield></datafield><datafield ind1=" " ind2=" " tag="675"><subfield code="a">004.43 Java</subfield><subfield code="v">BN</subfield><subfield code="z">por</subfield></datafield><datafield ind1=" " ind2="1" tag="700"><subfield code="a">Orfali</subfield><subfield code="b">Robert</subfield></datafield><datafield ind1=" " ind2="1" tag="701"><subfield code="a">Harkey</subfield><subfield code="b">Dan</subfield><subfield code="4">070</subfield></datafield><datafield ind1=" " ind2="0" tag="801"><subfield code="a">PT</subfield><subfield code="b">ISEC</subfield><subfield code="g">RPC</subfield></datafield></record></collection>